000 00657nam a2200217 a 4500
001 000011449
003 DO-SdBNP
005 20210507152726.0
008 091019s1986 dr 000 f spa d
040 _aDO-SdBNP
_bspa
_cBNPHU
082 4 _aCo863.44
_bV297f
_222
100 1 _aVargas Vila, José María,
_d1860-1933
_927136
245 1 0 _aFlor de fango /
_cJosé María Vargas Vila.
260 _aSanto Domingo :
_bAlfa Y Omega,
_c1986.
300 _a174 p. ;
_c17 cm.
590 _aInventariado, 2020/VM
650 4 _aNovela colombiana
_91243
650 4 _aLiteratura colombiana
_91244
910 _aValidado. Control de calidad MFF
942 _2ddc
_cLBS1
999 _c11150
_d11150